Light it up. #3 / Nick Petrie.
Available copies
- 1 of 1 copy available at LARL/NWRL Consortium.
- 1 of 1 copy available at Lake Agassiz Regional Library. (Show preferred library)
Current holds
0 current holds with 1 total copy.
Show Only Available Copies
| Location | Call Number / Copy Notes | Barcode | Shelving Location | Status | Due Date |
|---|---|---|---|---|---|
| Moorhead Public Library | PET (Text) | 33500012630083 | Main | Available | - |
Record details
- ISBN: 9780399575631
- ISBN: 0399575634
- Physical Description: 387 pages ; 24 cm.
- Publisher: New York : G.P. Putnam's Sons, [2018]
- Copyright: ©2018
Content descriptions
| Summary, etc.: | Combat veteran Peter Ash leaves a simple life ... Read More |
Search for related items by subject
| Genre: | Fiction. Suspense fiction. Mystery fiction. Thrillers (Fiction) Detective and mystery fiction. |
Search for related items by series
| LDR | 02737cam a22006018i 4500 | ||
|---|---|---|---|
| 001 | 266231 | ||
| 003 | LARL_NWRL_CONSORTIUM | ||
| 005 | 20180117180756.0 | ||
| 008 | 170424t20182018nyu 000 1 eng | ||
| 010 | . | ‡a 2017013763 | |
| 040 | . | ‡aDLC ‡beng ‡erda ‡cDLC ‡dOCLCO ‡dBTCTA ‡dYDX ‡dBDX ‡dOCLCF ‡dOCLCA ‡dOCLCQ ‡dVTL ‡dHEV ‡dMLY ‡dRV8 ‡dCZA ‡dOCLCO ‡dIHX ‡dIGA | |
| 019 | . | ‡a1016052700 | |
| 020 | . | ‡a9780399575631 ‡q(hardcover) | |
| 020 | . | ‡a0399575634 ‡q(hardcover) | |
| 020 | . | ‡z9780399575648 ‡q(epub) | |
| 035 | . | ‡a(OCoLC)984149373 ‡z(OCoLC)1016052700 | |
| 037 | . | ‡bPenguin Group USA, Attn: Order Processing 405 Murray Hill Pkwy, East Rutherford, NJ, USA, 07073-2136 ‡nSAN 201-3975 | |
| 042 | . | ‡apcc | |
| 082 | 0 | 0. | ‡a813/.6 ‡223 |
| 100 | 1 | . | ‡aPetrie, Nicholas, ‡eauthor. ‡0(LARL_NWRL_CONSORTIUM)221284 |
| 245 | 1 | 0. | ‡aLight it up. ‡n#3 / ‡cNick Petrie. |
| 264 | 1. | ‡aNew York : ‡bG.P. Putnam's Sons, ‡c[2018] | |
| 264 | 4. | ‡c©2018 | |
| 300 | . | ‡a387 pages ; ‡c24 cm. | |
| 336 | . | ‡atext ‡btxt ‡2rdacontent | |
| 337 | . | ‡aunmediated ‡bn ‡2rdamedia | |
| 338 | . | ‡avolume ‡bnc ‡2rdacarrier | |
| 490 | 0 | . | ‡aPeter Ash ; ‡v3 |
| 520 | . | ‡aCombat veteran Peter Ash leaves a simple life rebuilding hiking trails in Oregon to help his good friend Henry Nygaard, whose daughter runs a Denver security company that protects cash-rich cannabis entrepreneurs from modern-day highwaymen. Henry's son-in-law and the company's operations manager were carrying a large sum of client money when their vehicle vanished without a trace, leaving Henry's daughter and her company vulnerable. | |
| 650 | 0. | ‡aVeterans ‡vFiction. | |
| 650 | 0. | ‡aCriminal investigation ‡vFiction. | |
| 650 | 0. | ‡aMarijuana industry ‡vFiction. | |
| 650 | 7. | ‡aCriminal investigation. ‡2fast ‡0(LARL_NWRL_CONSORTIUM)18015 | |
| 650 | 7. | ‡aMarijuana industry. ‡2fast ‡0(LARL_NWRL_CONSORTIUM)158728 | |
| 650 | 7. | ‡aVeterans. ‡2fast ‡0(LARL_NWRL_CONSORTIUM)177123 | |
| 650 | 4. | ‡aFICTION / Thrillers / Suspense. | |
| 650 | 4. | ‡aFICTION / Thrillers / General. | |
| 650 | 4. | ‡aFICTION / Thrillers / Military. | |
| 650 | 7. | ‡aFICTION / Thrillers / Military. ‡2bisacsh | |
| 650 | 7. | ‡aFICTION / Thrillers / Suspense. ‡2bisacsh | |
| 655 | 7. | ‡aFiction. ‡2fast | |
| 655 | 7. | ‡aSuspense fiction. ‡2gsafd | |
| 655 | 7. | ‡aMystery fiction. ‡2gsafd | |
| 655 | 7. | ‡aThrillers (Fiction) ‡2lcgft | |
| 655 | 7. | ‡aDetective and mystery fiction. ‡2lcgft | |
| 776 | 0 | 8. | ‡iOnline version: ‡aPetrie, Nicholas. ‡tLight it up. ‡dNew York : G.P. Putnam's Sons, [2018] ‡z9780399575648 ‡w(DLC) 2017020209 |
| 901 | . | ‡a266231 ‡bOCoLC ‡c266231 ‡tbiblio ‡soclc | |

Add to basket
Permalink
Disable Highlighting